ბათუმის შოთა რუსთაველის სახელმწიფო უნივერსიტეტის ბიბლიოთეკა

მეფუტკრეობა : (ბიბ.ჩანაწერი № 58697)

000 -ლიდერი
ფიქსირებული სიგრძის საკონტროლო ველი 01744nam a22002657a 4500
003 - საკონტროლო ნომრის იდენტიფიკატორი
საკონტროლო ველი Ge_BSU
005 - ბოლო ოპერაციის თარიღი და დრო
საკონტროლო ველი 20220630131446.0
008 - ფიქსირებული სიგრძის მონაცემთა ელემენტები - ზოგადი ინფორმაცია
ფიქსირებული სიგრძის საკონტროლო ველი 220630s2017 ge ||||| |||| 00| 0 geo d
020 ## - წიგნის საერთაშორისო სტანდარტული ნომერი
International Standard Book Number 9789941097829
041 ## - ენის კოდი
Language code of text/sound track or separate title geo
080 ## - უნივერსალური ათობითი კლასიფიკაციის ინდექსი
Universal Decimal Classification number 638.1(075) მ-50
245 ## - ცნობა სათაურის შესახებ
Title მეფუტკრეობა :
Remainder of title სახელმძღვანელო /
Statement of responsibility, etc წიგნზე მუშაობდნენ თემურ ღოღობერიძე, გოგი მაძღარაშვილი, მაია ფეიქრიშვილი და სხვ.; რედ. თამარ სანიკიძე, თამარ ახალაძე.
264 ## - წარმოების, გამოცემის, დისტრიბუციის და სხვა ცნობები
გამოცემის, წარმოების, დისტრიბუციის... ადგილი თბილისი,
გამოცემის, წარმოების, დისტრიბუციის... თარიღი 2017.
300 ## - ფიზიკური აღწერა
Extent 280 გვ. :
Other physical details ოლ.;
Dimensions 25 სმ.
500 ## - ზოგადი შენიშვნა
General note სახელმძღვანელო შედგენილია გაეროს განვითარების პროგრამისა (UNDP) და შვეიცარიის განვითარებისა და თანამშრომლობის სააგენტოს (SDC) მხარდაჭერით.
504 ## - BIBLIOGRAPHY, ETC. NOTE
Bibliography, etc ბიბლიოგრ. გვ. 279-280
653 ## - INDEX TERM--UNCONTROLLED
Uncontrolled term მეფუტკრეობა
653 ## - INDEX TERM--UNCONTROLLED
Uncontrolled term სახელმძღვანელო
700 ## - ADDED ENTRY--PERSONAL NAME
Personal name ღოღობერიძე, თემურ
9 (RLIN) 14257
700 ## - ADDED ENTRY--PERSONAL NAME
Personal name მაძღარაშვილი, გოგი
9 (RLIN) 14258
700 ## - ADDED ENTRY--PERSONAL NAME
Personal name ფეიქრიშვილი, მაია და სხვ.;
9 (RLIN) 14259
700 ## - ADDED ENTRY--PERSONAL NAME
Personal name სანიკიძე, თამარ
Relator term რედაქტორი
9 (RLIN) 14260
700 ## - ADDED ENTRY--PERSONAL NAME
Personal name ახალაძე, თამარ
Relator term რედაქტორი
9 (RLIN) 14261
942 ## - ADDED ENTRY ELEMENTS (KOHA)
Source of classification or shelving scheme
Koha item type წიგნი
ეგზემპლარები
ჩამოწერის სტატუსი დაკარგული ეგზემპლარის სტატუსი კლასიფიკაციის წყარო ან თაროზე გაწყობის სქემა დაზიანების სტატუსი არ გაიცემა მუდმივი მდებარეობა (დაცვის ადგილი) ამჟამინდელი ადგილსამყოფელი თაროზე განთავსების ადგილი შეძენის თარიღი ღირებულება, შესყიდვის ნორმალური ფასი სრული შენახვის შიფრი შტრიხკოდი ბოლო ოპერაციის თარიღი ეგზემპლარის მიმდევრობითი ნომერი (კეტერი?) ფასის ძალაში შესვლის თარიღი ეგზემპლარის სახეობა საჯარო შენიშვნა
          პროფესიული პროგრამების მართვის და უწყვეტი განათლების ცენტრის ბიბლიოთეკა პროფესიული პროგრამების მართვის და უწყვეტი განათლების ცენტრის ბიბლიოთეკა წიგნსაცავი 2022-06-30 8.00 638.1(075) მ-50 62925 2022-06-30 62925 2022-06-30 წიგნი 8 ლ.